000 00573nam a2200097Ia 4500
008 170517s9999 xx 000 0 und d
245 _aBehind The Big News: Propaganda and the CFR
300 _aThe executives, the editors in print media, the senior producers, executive producers in the visual media – these are the people who have the ideological bias and what’s probably almost as important – their personal friendships. They go to the same country clubs,...
650 _xMedia.
856 _uhttp://topdocumentaryfilms.com/behind-the-big-news-propaganda-and-the-cfr/
999 _c333527
_d333527